| 000 | 00000nam 2200000zi 4500 |
| 001 | 9.936924 |
| 003 | CaOODSP |
| 005 | 20240417083528 |
| 006 | m o d f |
| 007 | cr mn||||||||| |
| 008 | 240417s2021 quca o f000 0 fre d |
| 040 | |aCaOODSP|bfre|erda|cCaOODSP |
| 043 | |an-cn--- |
| 045 | |ay1y2 |
| 086 | 1 |aEm20-152/2021-1F-PDF |
| 245 | 00|aSommaire de l'évaluation du Programme canadien de prêts aux étudiants. |
| 264 | 1|a[Gatineau, Québec] : |bEmploi et développement social Canada = Employment and Social Development Canada, |c[2021] |
| 300 | |a1 ressource en ligne (1 page) : |billustrations |
| 336 | |atexte|btxt|2rdacontent/fre |
| 337 | |ainformatique|bc|2rdamedia/fre |
| 338 | |aressource en ligne|bcr|2rdacarrier/fre |
| 500 | |aPublié aussi en anglais sous le titre : Summary of the evaluation of the Canada Student Loans Program. |
| 610 | 26|aProgramme canadien de prêts aux étudiants|xÉvaluation. |
| 650 | 6|aPrêts d'études|zCanada|xÉvaluation. |
| 655 | 7|aInfographies|2rvmgf |
| 710 | 1 |aCanada. |bEmploi et développement social Canada. |bDirection de l'évaluation, |eorganisme de publication. |
| 775 | 08|tSummary of the evaluation of the Canada Student Loans Program.|w(CaOODSP)9.936923 |
| 856 | 40|qPDF|s433 Ko|uhttps://publications.gc.ca/collections/collection_2024/edsc-esdc/Em20-152-2021-1-fra.pdf |
| 856 | 4 |qHTML|sS.O.|uhttps://www.canada.ca/fr/emploi-developpement-social/ministere/rapports/evaluations/2021-prets-etudiants-evaluation/sommaire.html |